Countrys of South America - Statistics

General Stats
  • This quiz has been taken 67 times
  • The average score is 11 of 12
Answers on the Map
Answers color-coded by a green-red scale on the quiz's map according to % correct below.
 
Answer Stats
Answer % Correct
Argentina
100%
Brazil
100%
Chile
100%
Colombia
97%
Peru
97%
Ecuador
91%
Paraguay
91%
Uruguay
91%
Venezuela
89%
Bolivia
86%
Guyana
80%
Suriname
74%
No matching quizzes found
Score Distribution
Percent of People with Each Score
Percentile by Number Answered
Your Score History
You have not taken this quiz